000 00507nam a22001697a 4500
005 20251108164026.0
008 250721s1995 xx 000 0 ara d
082 1 4 _a320.532/عبد
100 1 _aالطويلة، عبد الستار
245 1 0 _aسقوط الحلم الشيوعي /
264 1 _aالقاهرة :
_bالهيئة المصرية العامة للكتاب،
_c1995.
300 _a323ص
650 1 7 _aالشيوعية
650 1 7 _aالإشتراكية
942 _2ddc
_cBK
999 _c1732
_d1732